| 000 | 00000nam##2200000za#4500 |
| 001 | 9.608279 |
| 003 | CaOODSP |
| 005 | 20210624213540 |
| 007 | cr ||||||||||| |
| 008 | 150406|2014||||xxc|||||o f|0| 0 fre|d |
| 022 | |a1919-3815 |
| 040 | |aCaOODSP|bfre |
| 043 | |an-cn--- |
| 086 | 1 |aFs70-7/2014-48F-PDF |
| 110 | 1 |aCanada. |bMinistère des pêches et des océans. |
| 245 | 10|aExamen scientifique que de l'énoncé des incidences environnementales du projet hydroélectrique Tazi Twé |h[ressource électronique] |
| 260 | |aWinnipeg - Manitoba : |bPêches et Océans Canada |cJanvier 2015. |
| 300 | |a15p.|bcarte, références |
| 490 | 1 |aSecrétariat canadien de consultation scientifique - réponse des sciences |x1919-3815|v2014/048, Région du Centre et de l'Arctique |
| 590 | |a15-06|b2015-02-06 |
| 775 | 08|tScience review of the Tazi Twé Hydroelectric Project environmental impact statement |w(CaOODSP)9.581458 |
| 830 | #0|aRéponse des sciences (Secrétariat canadien de consultation scientifique)|x1919-3815|v2014/048, Région du Centre et de l'Arctique|w(CaOODSP)9.502630 |
| 856 | 40|ahttp://publications.gc.ca|qPDF|s452 Ko|uhttps://publications.gc.ca/collections/collection_2015/mpo-dfo/Fs70-7-2014-48-fra.pdf|y2014/048, Région du Centre et de l'Arctique |